| 000 | 01979nam a2200313 4500 | ||
|---|---|---|---|
| 003 | EC-UNACH | ||
| 005 | 20240305164603.0 | ||
| 006 | s||||gr|||| 00| 00 | ||
| 008 | 150116t9999 mx r gr 000 0 spa d | ||
| 020 | _a9788420423463 | ||
| 040 |
_aEC-UNACH _cEC-UNACH |
||
| 041 | _aspa | ||
| 082 | 0 | 4 |
_223 _a863 _bL015805 |
| 100 | _aMafla, Mercedes | ||
| 245 |
_aAntología de cuento _cMafla, Mercedes |
||
| 250 | _aPrimera edición | ||
| 264 |
_aMadrid, España _bSantillana Ediciones Generales _c2009 |
||
| 300 |
_a299 páginas _c24 centimetros |
||
| 505 | _aUn hombre muerto a puntapiés -- El guaraguao -- El canario -- La caracola -- Vinatería del Pacífico -- Krelko -- El lagarto en la mano -- Las vendas -- Tren nocturno -- El triple salto -- El coqueteo silencioso -- La importancia de la yugular en este asunto de la vida -- La vuelta -- Oposición a la magia -- La media estocada -- La resaca -- Destellos en el mar -- El analista -- Peligro para caminantes -- Martini seco -- George -- Espejismo -- Thecla teresina -- El Ulises -- La soledad del escorpión -- Jam Session -- La expiación | ||
| 520 | _aEs evidente que una secreta y permanente vocación viajera atraviesa esta antología del cuento ecuatoriano, y le da una fuerte unidad. Sin embargo, la sensación de desarraigo que podría desprenderse de la lectura de estos cuentos me ha hecho pensar en las dificultades que parecería han encontrado y encuentran los escritores del país cuando se preguntan qué es exactamente Ecuador. La respuesta puede resultar enigmática. Un país nombrado a partir de la palabra que designa la medida del planeta (esa línea invisible o imaginaria) algo tiene de invisible e imaginario también | ||
| 650 | _aLiteratura ecuatoriana | ||
| 650 | _aCuentos cortos | ||
| 650 | _aAntología | ||
| 650 | _aCuentos cortos | ||
| 942 |
_2ddc _c1 |
||
| 999 | _c12193 | ||